| 000 | 00641nam a2200217 a 4500 | ||
|---|---|---|---|
| 005 | 20140310183509.0 | ||
| 008 | 101019s19uu xx 00 eng d | ||
| 020 | _a9781905814862 | ||
| 050 |
_aTR 660 _b.H363 2010 |
||
| 100 | _aHeilman, Carl II | ||
| 245 |
_aAdvanced digital landscape photography / _cCarl II Heilman. |
||
| 260 |
_aUnited Kingdom : _bAlastair Campbell, _c2010. |
||
| 300 |
_a176 p. : _bcol. ill. ; _c22 cm. |
||
| 521 | _aMA | ||
| 650 | _aLandscape photography. | ||
| 650 |
_aPhotography _xDigital techniques. |
||
| 700 | _aCornell, Greta Heilman | ||
| 942 |
_cBK _2lcc _kFOR |
||
| 999 |
_c24142 _d24142 |
||